000 00947cam a22002897a 4500
003 CHAP
005 20220329132947.0
008 971013s1989 r 00010 d
010 _a679
011 _a1651
035 _a827
040 _cCHAP
090 _aFolleto 12477
100 0 0 _aGuzmán, M. R. de, Jr.
_952045
245 0 _aManual on heat detection, artificial insemination and pregnancy diagnosis for water buffalo
260 _aTaiwan :
_bFood and Fertilizer Technology Center for the Asian and Pacific Region,
_c1989
300 _a16 p.
_b: ilus.
590 _aBATCH-UPD
_b10
_c20130110
_lUCH01
_h1453
590 _aBATCH-UPD
_b10
_c20130410
_lUCH01
_h0919
590 _aBATCH-UPD
_b10
_c20130914
_lUCH01
_h0746
590 _aCONVERSION
_b10
_c20130109
_lUCH01
_h1302
650 1 4 _aBúfalos.
_914737
650 1 4 _aInseminación artificial.
_958964
901 _aBK
942 _cFOLL
949 _aFolleto 12477
_bBC
_cFOLL
_d-10286
_eTS1
_i827
_si
999 _c679
_d679